Biblioteca

A commentary on the gospel according to St mark (Registro nro. 46513)

Detalles MARC
000 -LÍDER
Campo fijo de descripción fija 00984cam a2200325 i 4500
001 - NÚMERO DE CONTROL
Campo de control 20160
003 - IDENTIFICADOR DEL NÚMERO DE CONTROL
Campo de control CO-MdFUSB
005 - FECHA Y HORA DE LA ULTIMA TRANSACCIÓN
control field 20161110105647.0
008 - ELEMENTOS DE LONGITUD FIJA -- INFORMACIÓN GENERAL
Campo fijo de descripción fija -- Información general 161103t19951991enk||||g |||| 00| 0 eng d
020 ## - NÚMERO INTERNACIONAL NORMALIZADO PARA LIBROS
Número Internacional Normalizado del libro 0-7136-3284-4
040 ## - FUENTE DE CATALOGACIÓN
Agencia de catalogación original CO-MdFUSB
Idioma de catalogación Español
Agencia que realiza la transcripción CO-MdFUSB
Agencia que realiza la modificación CO-MdFUSB
Convenciones de la descripción rda
041 ## - CÓDIGO DE IDIOMA
Código de idioma para texto/pista de sonido o título separado eng
082 ## - NÚMERO DE CLASIFICACIÓN DECIMAL DEWEY
Número de la edición del Dewey 24
Número de clasificación 226.307
Clave de autor-Numero de item H783c
100 1# - ASIENTO PRINCIPAL--NOMBRE PERSONAL
Nombre personal Hooker, Morna D.
Término relacionador autor
245 02 - TÍTULO
Título del Material A commentary on the gospel according to St mark
Mención de responsabilidad, etc. / Morna D. Hooker
264 #1 - PRODUCCIÓN, PUBLICACIÓN, DISTRIBUCIÓN, MANUFACTURA, Y COPYRIGHT
Lugar de producción, publicación, distribución, manufactura London :
Nombre del productor, publicador, distribuidor A & C Black,
Fecha de producción, publicación, distribución, manufactura, o copyright ℗1995
264 #4 - PRODUCCIÓN, PUBLICACIÓN, DISTRIBUCIÓN, MANUFACTURA, Y COPYRIGHT
Fecha de producción, publicación, distribución, manufactura, o copyright ©1992
300 ## - DESCRIPCIÓN FÍSICA
Extensión 424 páginas
336 ## - TIPO DE CONTENIDO
Fuente rdacontent
Término de tipo de contenido
Código de tipo de contenido
337 ## - TIPO DE MEDIO
Fuente rdamedia
Nombre del tipo de medio
Código del tipo de medio
338 ## - TIPO DE SOPORTE
Fuente rdacarrier
Nombre del tipo de soporte
Código Tipo de soporte
490 ## - MENCIÓN DE SERIE
Mención de serie Black's New Testament Commentary
501 ## - NOTA DE “CON”
Nota de Contenido Rústico
504 ## - NOTA DE BIBLIOGRAFÍA, ETC.
Nota de bibliografía, etc Incluye índices (páginas: 407-424)
505 01 - NOTA DE CONTENIDO
Nota de contenido con formato preestablecido Introducción - Análisis - Traducción y comentario - Notas
630 07 - TITULO UNIFORME
Título uniforme Biblia.
Nombre de parte o sección de la obra Marcos
653 ## - TÉRMINO DE INDIZACIÓN - NO CONTROLADO
Término no controlado Mark (Gospel) -- commentaries
942 ## - TIPO DE MATERIAL (KOHA)
Tipo de Item KOHA Libros de Referencia
Existencias
Estado de Material Estado de Perdido Forma de Clasificación Estado de Dañado No para Préstamo Colección Tomo Biblioteca de Origen Biblioteca Permanente Fecha de Adquisición Total de Préstamos Total de Renovaciones Signatura Topográfica Código de Barras Última vez visto Última vez Préstado Ejemplar/Existencia Fecha de Remplazo Tipo de Material
    Dewey Decimal Classification     Colección de Referencia   Biblioteca FUSBC Biblioteca FUSBC 24/06/2015 1 1 R 226.307 H783c 20758 24/07/2023 23/09/2019 Ej. 1 26/01/2016 Libros de Referencia

Biblioteca FUSBC | Teléfono: (57+4) 349 88 10 Ext. 141| WhatsApp (+57) 3005338115 
E-mail: biblioteca@unisbc.edu.co | Calle 76 87-14 Robledo Palenque, Medellín, Colombia

Con tecnología Koha